|
|
|
|
| LEADER |
01718cas a2200301 a 4500 |
| 001 |
AALejournalIMF019771 |
| 008 |
230101c9999 xx r poo 0 0eng d |
| 020 |
|
|
|c 5.00 USD
|
| 020 |
|
|
|z 9781498330688
|
| 022 |
|
|
|a 2663-3493
|
| 040 |
|
|
|a BD-DhAAL
|c BD-DhAAL
|
| 110 |
2 |
|
|a International Monetary Fund.
|
| 245 |
1 |
0 |
|a Multilateral Debt Relief Initiative :
|b A First Assessment of Eligible Countries--Supplemental Information.
|
| 264 |
|
1 |
|a Washington, D.C. :
|b International Monetary Fund,
|c 2005.
|
| 300 |
|
|
|a 1 online resource (3 pages)
|
| 490 |
1 |
|
|a Policy Papers
|
| 500 |
|
|
|a <strong>Off-Campus Access:</strong> No User ID or Password Required
|
| 500 |
|
|
|a <strong>On-Campus Access:</strong> No User ID or Password Required
|
| 506 |
|
|
|a Electronic access restricted to authorized BRAC University faculty, staff and students
|
| 520 |
3 |
|
|a This supplement summarizes new information available to staff since the issuance of The Multilateral Debt Relief Initiative: A First Assessment of Eligible Countries (December 8, 2005). It focuses on the six members (Ethiopia, Madagascar, Mauritania, Nicaragua, Rwanda, and Senegal) for which staff recommends that remedial actions be taken before the Board determines whether they qualify for debt relief from the Fund under the Multilateral Debt Relief Initiative.
|
| 538 |
|
|
|a Mode of access: Internet
|
| 650 |
|
7 |
|a Article IV Consultation
|2 imf
|
| 650 |
|
7 |
|a MDRI Qualification To The Board
|2 imf
|
| 650 |
|
7 |
|a PP
|2 imf
|
| 651 |
|
7 |
|a Madagascar
|2 imf
|
| 651 |
|
7 |
|a Nicaragua
|2 imf
|
| 830 |
|
0 |
|a Policy Papers; Policy Paper ;
|v No. 2005/090
|
| 856 |
4 |
0 |
|z Full text available on IMF
|u http://elibrary.imf.org/view/journals/007/2005/090/007.2005.issue-090-en.xml
|z IMF e-Library
|